000 00682nam a2200145Ia 4500
008 090124s9999 xx 000 0 und d
082 _b207492
245 _a नेताजी सुभाष के पे्ररणापुरुष स्वामी विवेकानंद
250 _a1
260 _bविदेहात्मानंद
_c2006
300 _a76
630 _a नेताजी सुभाष के पे्ररणापुरुष स्वामी विवेकानंद
730 _a नेताजी सुभाष के पे्ररणापुरुष स्वामी विवेकानंद
942 _cBOOK
999 _c189520
_d189520